00703naa#a2200169#i#4500001001600000005001700016011001400033100004100047102000700088200020300095210005600298215001000354608004500364700005800409700005200467856001400519RU\\bibl\12035320260417160846.5##a2782-4586##a20260331b2026####ek#y0rusy0150####ca##aRU1#aНалогообложение физических лиц: действующая система и перспективы ее совершенствованияeЖурнальная статья1#aМоскваcУниверситет ИТБОd2026##a4 с.##aЖурнальная статья2local#1aУрусоваgАвгустина Биляловна#1aУрусоваgВенера Ильясовна4#ajomeam.ru